Bytový dom

Saved in:
Bibliographic Details
Main Author: Majdúch, Daniel (Author)
Other Authors: Chamulová, Barbara (Thesis advisor)
Format: Manuscript Book
Language:Slovak
Published: 2018
Subjects:
Online Access:http://is.stuba.sk/zp/portal_zp.pl?podrobnosti=142786
https://opac.crzp.sk/?fn=detailBiblioForm&sid=ABCEC5876A40CFC0D493DF344C66
Tags: Add Tag
No Tags, Be the first to tag this record!

MARC

LEADER 00000ntm a22000003a 4500
001 stuzp70573
003 SK-STU
005 20230626093005.4
007 ta
008 150427s2015----xo-----f-mn---000-0-slo-d
040 |a STU  |b slo 
041 0 |a slo 
100 1 |a Majdúch, Daniel  |u 010270  |4 aut  |U SvF Stavebná fakulta  |T SvF Katedra technológie stavieb  |X 63204  |U V270  |Y 28  |7 63204 
242 0 1 |a Flat house  |y eng 
245 1 0 |a Bytový dom 
260 |c 2018 
650 4 |a Vegetačná strecha  |2 slo 
650 4 |a Strešná konštrukcia  |2 slo 
650 4 |a Hrubá stavba  |2 slo 
650 4 |a technological solution  |2 eng 
650 4 |a vegetation-green roof  |2 eng 
650 4 |a roof structure  |2 eng 
700 1 |a Chamulová, Barbara  |u 010270  |k Z1  |4 ths  |U SvF Stavebná fakulta  |T SvF Katedra technológie stavieb  |X 42510  |U V270  |Y 28  |7 A000042510 
856 4 |u http://is.stuba.sk/zp/portal_zp.pl?podrobnosti=142786 
856 4 |u https://opac.crzp.sk/?fn=detailBiblioForm&sid=ABCEC5876A40CFC0D493DF344C66